[Event "30. Open El Corte Inglés 2009 "]
[Site "Las Palmas de Gran Canaria"]
[Date "2009.12.06"]
[Round "5.9"]
[White "Gonzalez Garcia, Guillermo"]
[Black "Acosta Sosa, Juan Manuel"]
[Result "1-0"]
[WhiteElo "2219"]
[BlackElo "2014"]
[PlyCount "67"]
[EventDate "2009.12.02"]
[EventType "swiss"]
[EventRounds "9"]
[EventCountry "ESP"]
[Source "lmi"]
[SourceDate "2009.12.02"]

1. Nf3 d5 2. g3 c5 3. c4 d4 4. Bg2 Nf6 5. O-O Nc6 6. d3 e5 7. e3 Be7 8. exd4
exd4 9. Na3 O-O 10. Nc2 Bf5 11. Rb1 Re8 12. a3 a5 13. Re1 Qc7 14. b3 Bd6 15.
Rxe8+ Rxe8 16. Qf1 Nd7 17. Bd2 Nde5 18. Nxe5 Nxe5 19. Ne1 Qb6 20. Bd5 h5 21. h3
Nc6 22. Nc2 Ne5 23. Ne1 Nc6 24. Nf3 Ne7 25. Qe2 Kf8 26. Re1 Ra8 27. Nh4 g6 28.
Qf3 Nxd5 29. Nxf5 Nf6 30. Bg5 Ng8 31. Nh6 Qc7 32. Re7 Nxh6 33. Rxc7 Bxc7 34.
Bxh6+ 1-0

[Event "30. Open El Corte Inglés 2009 "]
[Site "Las Palmas de Gran Canaria"]
[Date "2009.12.06"]
[Round "5.10"]
[White "Rodriguez Ferraz, Borja"]
[Black "Torres Maesso, Pedro"]
[Result "0-1"]
[WhiteElo "2041"]
[BlackElo "2171"]
[PlyCount "62"]
[EventDate "2009.12.02"]
[EventType "swiss"]
[EventRounds "9"]
[EventCountry "ESP"]
[Source "lmi"]
[SourceDate "2009.12.02"]

1. d4 Nf6 2. c4 c5 3. d5 b5 4. cxb5 e6 5. Nc3 exd5 6. Nxd5 Bb7 7. Nc3 d5 8. e3
Bd6 9. Nf3 O-O 10. Be2 Re8 11. O-O Nbd7 12. b3 Qe7 13. Re1 Ne5 14. Bb2 Rad8 15.
Na4 Nfg4 16. Bxe5 Nxe5 17. Rc1 d4 18. exd4 Bxf3 19. Bxf3 Nxf3+ 20. gxf3 Qh4 21.
Re4 Qxh2+ 22. Kf1 Qh1+ 23. Ke2 Rxe4+ 24. fxe4 Qxe4+ 25. Kf1 cxd4 26. Rc6 Re8
27. f3 Qe5 28. Rc2 d3 29. Rd2 Qh5 30. Rg2 Re3 31. Kg1 Bb4 0-1

[Event "30. Open El Corte Inglés 2009 "]
[Site "Las Palmas de Gran Canaria"]
[Date "2009.12.06"]
[Round "6.1"]
[White "Ortega Hermida, Daniel"]
[Black "Kurajica, Bojan"]
[Result "1/2-1/2"]
[WhiteElo "2390"]
[BlackElo "2517"]
[PlyCount "29"]
[EventDate "2009.12.02"]
[EventType "swiss"]
[EventRounds "9"]
[EventCountry "ESP"]
[Source "lmi"]
[SourceDate "2009.12.02"]

1. d4 Nf6 2. c4 e6 3. Nf3 b6 4. a3 Ne4 5. Nfd2 d5 6. cxd5 Nxd2 7. Qxd2 Qxd5 8.
Nc3 Qd7 9. e4 Bb7 10. Bb5 c6 11. Bc4 Be7 12. O-O O-O 13. Rd1 Na6 14. Qe2 Nc7
15. Qg4 1/2-1/2

[Event "30. Open El Corte Inglés 2009 "]
[Site "Las Palmas de Gran Canaria"]
[Date "2009.12.06"]
[Round "6.2"]
[White "Belezky, Alexander"]
[Black "Barlov, Dragan"]
[Result "1/2-1/2"]
[WhiteElo "2455"]
[BlackElo "2488"]
[PlyCount "119"]
[EventDate "2009.12.02"]
[EventType "swiss"]
[EventRounds "9"]
[EventCountry "ESP"]
[Source "lmi"]
[SourceDate "2009.12.02"]

1. e4 c5 2. c3 Nf6 3. e5 Nd5 4. d4 cxd4 5. Nf3 e6 6. cxd4 d6 7. Bc4 Nb6 8. Bd3
Nc6 9. O-O dxe5 10. dxe5 Nb4 11. Be4 Qxd1 12. Rxd1 Bd7 13. Bxb7 Nc2 14. Bxa8
Nxa8 15. Nc3 Nxa1 16. Ne1 Bc5 17. Bf4 Nb6 18. Rxa1 O-O 19. Nd3 Bd4 20. Ne2 Bb5
21. Nxd4 Bxd3 22. Rc1 h6 23. Nc6 Nd5 24. Bd2 Kh7 25. a3 a6 26. Nb4 Nxb4 27.
Bxb4 Rb8 28. Rc5 Rb5 29. f4 Rxc5 30. Bxc5 f5 31. exf6 gxf6 32. Kf2 h5 33. h3 f5
34. g3 Kg6 35. Ke3 Bf1 36. Kd4 Kf7 37. Ke5 Bxh3 38. Kd6 Bf1 39. b3 Bd3 40. Bd4
Bc2 41. b4 Bb3 42. Kd7 Ba4+ 43. Kd8 Bb5 44. Be5 Ba4 45. Bd6 Bb5 46. Bb8 Ba4 47.
Be5 Bb5 48. Bd6 Ba4 49. Kc7 Ke8 50. Be5 Bb5 51. Bf6 Ba4 52. Bd4 Bb5 53. Be5 Ba4
54. Kb7 Bb5 55. a4 Bxa4 56. Kxa6 Kd7 57. Kb7 Bc6+ 58. Kb6 Bd5 59. b5 Kc8 60.
Ka7 1/2-1/2

[Event "30. Open El Corte Inglés 2009 "]
[Site "Las Palmas de Gran Canaria"]
[Date "2009.12.06"]
[Round "6.3"]
[White "Torres Maesso, Pedro"]
[Black "Tatai, Stefano"]
[Result "1/2-1/2"]
[WhiteElo "2171"]
[BlackElo "2347"]
[PlyCount "61"]
[EventDate "2009.12.02"]
[EventType "swiss"]
[EventRounds "9"]
[EventCountry "ESP"]
[Source "lmi"]
[SourceDate "2009.12.02"]

1. c4 g6 2. Nc3 Bg7 3. g3 c5 4. Bg2 Nc6 5. Nf3 a6 6. O-O Rb8 7. e3 e5 8. d4 d6
9. dxc5 dxc5 10. Ne4 Bf8 11. Qxd8+ Kxd8 12. Rd1+ Ke8 13. b3 f6 14. Ba3 Nb4 15.
Ne1 b6 16. Nd6+ Bxd6 17. Rxd6 Ke7 18. Rad1 Bg4 19. f3 Bf5 20. g4 Be6 21. g5
fxg5 22. Bb2 Nh6 23. Bxe5 Nf7 24. Bxh8 Nxd6 25. Be5 Rd8 26. f4 Nf7 27. Rxd8
Kxd8 28. Bf6+ Kc7 29. a3 Nc6 30. Bxc6 Kxc6 31. fxg5 1/2-1/2

[Event "30. Open El Corte Inglés 2009 "]
[Site "Las Palmas de Gran Canaria"]
[Date "2009.12.06"]
[Round "6.4"]
[White "Menvielle Laccourreye, Augusto"]
[Black "Gutierrez Olivares, Daniel"]
[Result "0-1"]
[WhiteElo "2281"]
[BlackElo "2177"]
[PlyCount "54"]
[EventDate "2009.12.02"]
[EventType "swiss"]
[EventRounds "9"]
[EventCountry "ESP"]
[Source "lmi"]
[SourceDate "2009.12.02"]

1. e4 e6 2. d3 d5 3. Nd2 Nf6 4. Ngf3 Bc5 5. e5 Nfd7 6. d4 Bb6 7. c3 c5 8. dxc5
Bxc5 9. Nb3 Bb6 10. Bf4 Nc6 11. Bd3 f6 12. Nbd4 fxe5 13. Nxc6 bxc6 14. Nxe5 Qf6
15. Qh5+ g6 16. Nxg6 hxg6 17. Qxg6+ Qxg6 18. Bxg6+ Ke7 19. h4 Ba6 20. h5 Rag8
21. Bg5+ Kd6 22. Rh3 Nf8 23. Bh4 Nxg6 24. hxg6 Kd7 25. f4 Rxg6 26. g3 Rgh6 27.
O-O-O Be3+ 0-1

[Event "30. Open El Corte Inglés 2009 "]
[Site "Las Palmas de Gran Canaria"]
[Date "2009.12.06"]
[Round "6.5"]
[White "Garcia Blanco, Omar"]
[Black "Galvan Sarmiento, Jose Luis"]
[Result "1/2-1/2"]
[WhiteElo "2237"]
[BlackElo "2017"]
[PlyCount "89"]
[EventDate "2009.12.02"]
[EventType "swiss"]
[EventRounds "9"]
[EventCountry "ESP"]
[Source "lmi"]
[SourceDate "2009.12.02"]

1. e4 e6 2. d4 d5 3. Nd2 Nf6 4. e5 Nfd7 5. Bd3 c5 6. c3 Nc6 7. Ne2 f6 8. exf6
Nxf6 9. O-O cxd4 10. cxd4 Bd6 11. Nf3 O-O 12. h3 e5 13. dxe5 Nxe5 14. Nxe5 Bxe5
15. Qb3 h6 16. Be3 b6 17. Nd4 Bd7 18. Rac1 Rc8 19. Ba6 Rxc1 20. Rxc1 Qe8 21.
Nf3 Bb8 22. Bd4 Qh5 23. Re1 Re8 24. Rxe8+ Nxe8 25. Bb7 Be6 26. Qe3 Qg6 27. Ne5
Qb1+ 28. Kh2 Nd6 29. f4 Nf5 30. Qc3 Qe4 31. Bc8 Bxc8 32. Qxc8+ Kh7 33. Qxb8
Qxf4+ 34. Kh1 Ng3+ 35. Kh2 Ne2+ 36. Kh1 Qxd4 37. Nf3 Qxb2 38. Qe8 Qc1+ 39. Kh2
Qf4+ 40. Kh1 Qe4 41. Qf7 d4 42. Qxa7 Qb1+ 43. Kh2 d3 44. Qf7 d2 45. Ng5+
1/2-1/2

[Event "30. Open El Corte Inglés 2009 "]
[Site "Las Palmas de Gran Canaria"]
[Date "2009.12.06"]
[Round "6.6"]
[White "Morales Camacho, Julian"]
[Black "Trujillo Alvarado, Ivan"]
[Result "1/2-1/2"]
[WhiteElo "2234"]
[BlackElo "2149"]
[PlyCount "109"]
[EventDate "2009.12.02"]
[EventType "swiss"]
[EventRounds "9"]
[EventCountry "ESP"]
[Source "lmi"]
[SourceDate "2009.12.02"]

1. d4 Nf6 2. c4 e6 3. Nf3 d5 4. Nc3 Be7 5. cxd5 exd5 6. Bg5 c6 7. Qc2 O-O 8. e3
Nbd7 9. Bd3 Re8 10. O-O Nf8 11. h4 Ne4 12. Bf4 Nxc3 13. bxc3 Bd6 14. Bxd6 Qxd6
15. c4 dxc4 16. Bxc4 Be6 17. Rab1 Re7 18. Rfc1 Rc8 19. Ng5 Bxc4 20. Qxc4 h6 21.
Nf3 Rec7 22. Nd2 Qe7 23. Qc5 Qxc5 24. Rxc5 Nd7 25. Rc2 Kf8 26. Ne4 Ke7 27. Rbc1
f5 28. Nc3 Kd6 29. g4 g6 30. f3 b5 31. gxf5 gxf5 32. Rg2 Nf8 33. Rg8 a6 34. Ne2
c5 35. dxc5+ Rxc5 36. Rxc5 Kxc5 37. Nd4 Kb4 38. Rh8 f4 39. Rxh6 fxe3 40. Rxa6
Rc1+ 41. Kg2 Nd7 42. f4 Nc5 43. Rc6 Rc4 44. Ne2 Rc2 45. Kf3 Rxa2 46. f5 Nd7 47.
Re6 Kc5 48. Rxe3 b4 49. Re7 Kd6 50. Re6+ Kc5 51. Re7 Ra3+ 52. Kf4 Kd6 53. Re6+
Kd5 54. Re7 Kd6 55. Re6+ 1/2-1/2

[Event "30. Open El Corte Inglés 2009 "]
[Site "Las Palmas de Gran Canaria"]
[Date "2009.12.06"]
[Round "6.7"]
[White "Hernandez Leon, Sergio"]
[Black "Gonzalez Garcia, Guillermo"]
[Result "1/2-1/2"]
[WhiteElo "2124"]
[BlackElo "2219"]
[PlyCount "65"]
[EventDate "2009.12.02"]
[EventType "swiss"]
[EventRounds "9"]
[EventCountry "ESP"]
[Source "lmi"]
[SourceDate "2009.12.02"]

1. d4 Nf6 2. c4 e6 3. Nc3 Bb4 4. Qc2 O-O 5. a3 Bxc3+ 6. Qxc3 d6 7. e3 c5 8.
dxc5 dxc5 9. Nf3 b6 10. b3 Bb7 11. Be2 Qe7 12. Bb2 Rd8 13. O-O Nbd7 14. Rfd1
Ne8 15. Nd2 Ndf6 16. Bf3 Rd6 17. Bxb7 Qxb7 18. Nf1 Rad8 19. Qc2 Qe4 20. Qe2 Qc6
21. Ng3 Qd7 22. Rxd6 Qxd6 23. Bc3 Qd3 24. Qxd3 Rxd3 25. Rc1 Nd6 26. Ne2 Nfe4
27. Kf1 Nf5 28. Ke1 Nh4 29. Kf1 Nd2+ 30. Bxd2 Rxd2 31. Nc3 Rb2 32. Rb1 Rxb1+
33. Nxb1 1/2-1/2

[Event "30. Open El Corte Inglés 2009 "]
[Site "Las Palmas de Gran Canaria"]
[Date "2009.12.06"]
[Round "6.8"]
[White "Angel Acosta, Juan Carlos"]
[Black "Torres Ventosa, Pedro Eugenio"]
[Result "0-1"]
[WhiteElo "2197"]
[BlackElo "2113"]
[PlyCount "110"]
[EventDate "2009.12.02"]
[EventType "swiss"]
[EventRounds "9"]
[EventCountry "ESP"]
[Source "lmi"]
[SourceDate "2009.12.02"]

1. d4 Nf6 2. Nf3 g6 3. c4 Bg7 4. g3 O-O 5. Bg2 d5 6. cxd5 Nxd5 7. O-O c5 8. e4
Nf6 9. Nc3 cxd4 10. Nxd4 Nxe4 11. Bxe4 Qxd4 12. Qf3 Nc6 13. Bxc6 Bg4 14. Qe4
bxc6 15. Qxe7 Rae8 16. Qg5 h6 17. Qf4 g5 18. Qxd4 $2 Bxd4 19. Bd2 Rb8 20. b3
Bf3 21. Rac1 Rfd8 22. Rfe1 Rb7 23. h3 Rbd7 24. Be3 f5 25. Bxd4 Rxd4 26. Re5 Rd3
27. Ree1 Kf7 28. Nb1 h5 29. Na3 Kf6 30. Nc4 Be4 31. Re3 Rd1+ 32. Re1 R1d3 33.
Re3 Rxe3 34. fxe3 h4 35. Kf2 hxg3+ 36. Kxg3 Rd3 37. Kf2 f4 38. Ke2 Rd8 39. exf4
gxf4 40. Rc3 Rg8 41. Kf1 Rg2 42. a4 Rh2 43. Na5 f3 44. Nxc6 Kf5 45. Nd4+ Kf4
46. Nxf3 Bxf3 47. Rc7 Rxh3 48. Rxa7 Ke3 49. Rg7 Rh1+ 50. Rg1 Rh2 51. Rg7 Rb2
52. Re7+ Be4 53. Kg1 Rb1+ 54. Kh2 Kf4 55. Rf7+ Kg4 0-1

[Event "30. Open El Corte Inglés 2009 "]
[Site "Las Palmas de Gran Canaria"]
[Date "2009.12.06"]
[Round "6.9"]
[White "Perez Felipe, Marcos Adrian"]
[Black "Martin Hernandez, Ruben"]
[Result "1-0"]
[WhiteElo "2285"]
[BlackElo "1987"]
[PlyCount "119"]
[EventDate "2009.12.02"]
[EventType "swiss"]
[EventRounds "9"]
[EventCountry "ESP"]
[Source "lmi"]
[SourceDate "2009.12.02"]

1. d4 Nf6 2. c4 g6 3. Nc3 d5 4. Nf3 Bg7 5. Bg5 Ne4 6. Bh4 Nxc3 7. bxc3 dxc4 8.
Qa4+ Nd7 9. e3 O-O 10. Qa3 Re8 11. Bxc4 Nb6 12. Bb3 Qd6 13. Qa5 c6 14. Bg3 Qd8
15. Ne5 e6 16. O-O Nd7 17. Qxd8 Rxd8 18. Bh4 Bf6 19. Bxf6 Nxf6 20. c4 c5 21.
dxc5 Bd7 22. Rfd1 Be8 23. Rd4 Rdc8 24. Nd3 Nd7 25. Ba4 Nf6 26. Bxe8 Rxe8 27.
Rb1 Re7 28. f4 Rc8 29. Kf2 Kg7 30. h3 Rcc7 31. Rb5 Nd7 32. g4 e5 33. Nxe5 Nxe5
34. fxe5 Rxe5 35. c6 Rxb5 36. cxb5 bxc6 37. Rc4 c5 38. Kf3 Kf6 39. Kf4 Ke6 40.
e4 h6 41. h4 Rc8 42. a4 Rc7 43. a5 Kd6 44. Rc1 Rb7 45. Rd1+ Ke6 46. Rb1 Kd6 47.
h5 gxh5 48. gxh5 c4 49. b6 axb6 50. a6 Ra7 51. Rxb6+ Kc5 52. Rxh6 c3 53. Ke3
Rd7 54. Rh8 Kb6 55. Rc8 Kxa6 56. Rxc3 Kb6 57. Kf4 Rd8 58. h6 Rh8 59. Kg5 Rh7
60. e5 1-0

[Event "30. Open El Corte Inglés 2009 "]
[Site "Las Palmas de Gran Canaria"]
[Date "2009.12.06"]
[Round "6.10"]
[White "Estevez Hernandez, Cristo"]
[Black "Hernandez Leon, Alberto"]
[Result "0-1"]
[WhiteElo "1732"]
[BlackElo "2241"]
[PlyCount "119"]
[EventDate "2009.12.02"]
[EventType "swiss"]
[EventRounds "9"]
[EventCountry "ESP"]
[Source "lmi"]
[SourceDate "2009.12.02"]

1. e4 c5 2. Nf3 d6 3. d4 cxd4 4. Nxd4 Nf6 5. Nc3 a6 6. Bg5 e6 7. f4 Be7 8. Qf3
Qc7 9. O-O-O Nbd7 10. g4 b5 11. Bxf6 Nxf6 12. g5 Nd7 13. f5 Nc5 14. f6 gxf6 15.
gxf6 Bf8 16. a3 Bd7 17. Kb1 Qb6 18. e5 d5 19. Bh3 O-O-O 20. Qh5 Be8 21. Nb3 Kb8
22. Nxc5 Bxc5 23. Rd3 Ka7 24. Rhd1 Rb8 25. b4 Bf8 26. Kb2 a5 27. Na2 Rc8 28. c3
Qc7 29. Qg4 Qxe5 30. Rxd5 exd5 31. Qxc8 Qe2+ 32. Kb1 Qxd1+ 33. Nc1 Bd6 34. Qd8
Qg1 35. Qxd6 Qb6 36. Qxd5 Bc6 37. Qxf7+ Qb7 38. Qxb7+ Kxb7 39. Be6 axb4 40.
axb4 Rf8 41. f7 Be4+ 42. Kb2 Bg6 43. Ne2 Bxf7 44. Bxf7 Rxf7 45. Kc2 Rf2 46. Kd3
Rxh2 47. Nf4 Kc6 48. Ne6 h5 49. Nd4+ Kb6 50. Nf5 Rf2 51. Nd4 h4 52. Ke3 Rf8 53.
Nf3 Rxf3+ 54. Kxf3 Kc6 55. Kg4 Kd5 56. Kxh4 Kc4 57. Kg3 Kxc3 58. Kf3 Kxb4 59.
Ke2 Kc3 60. Kd1 0-1

[Event "30. Open El Corte Inglés 2009 "]
[Site "Las Palmas de Gran Canaria"]
[Date "2009.12.07"]
[Round "7.1"]
[White "Gutierrez Olivares, Daniel"]
[Black "Belezky, Alexander"]
[Result "0-1"]
[WhiteElo "2177"]
[BlackElo "2455"]
[PlyCount "80"]
[EventDate "2009.12.02"]
[EventType "swiss"]
[EventRounds "9"]
[EventCountry "ESP"]
[Source "lmi"]
[SourceDate "2009.12.02"]

1. Nf3 c5 2. e3 Nf6 3. b3 b6 4. Bb2 e6 5. Be2 Bb7 6. d3 Nc6 7. Nbd2 Ne7 8. c4
Ng6 9. h4 $2 h5 10. Qc2 Be7 11. g3 Rc8 12. Rf1 Kf8 13. O-O-O Ng4 14. Ne4 Rc7
15. Qc3 f6 16. Nfg5 Qc8 17. Bxg4 hxg4 18. f3 Ne5 19. fxg4 Ke8 20. d4 cxd4 21.
Qxd4 Nxc4 22. Kb1 Nxb2 23. Qxb2 fxg5 24. Nxg5 Rg8 25. Qd4 Rc3 26. Ne4 Bxe4+ 27.
Qxe4 Qc6 28. Qg6+ Kd8 29. h5 Rxe3 30. Rd4 Bf6 31. Rc4 Qd6 32. g5 Be5 33. Qc2
Ke7 34. Rd1 Qa3 35. Ra4 Qc5 36. Rc4 Qa5 37. g6 Re1 38. b4 Rxd1+ 39. Qxd1 Qd5
40. Qc2 Rf8 0-1

[Event "30. Open El Corte Inglés 2009 "]
[Site "Las Palmas de Gran Canaria"]
[Date "2009.12.07"]
[Round "7.2"]
[White "Torres Ventosa, Pedro Eugenio"]
[Black "Ortega Hermida, Daniel"]
[Result "1/2-1/2"]
[WhiteElo "2113"]
[BlackElo "2390"]
[PlyCount "20"]
[EventDate "2009.12.02"]
[EventType "swiss"]
[EventRounds "9"]
[EventCountry "ESP"]
[Source "lmi"]
[SourceDate "2009.12.02"]

1. e4 c5 2. Nf3 e6 3. c3 Nf6 4. e5 Nd5 5. d4 cxd4 6. cxd4 b6 7. a3 Bb7 8. Bd3
d6 9. O-O Nd7 10. Re1 Be7 1/2-1/2

[Event "30. Open El Corte Inglés 2009 "]
[Site "Las Palmas de Gran Canaria"]
[Date "2009.12.07"]
[Round "7.3"]
[White "Kurajica, Bojan"]
[Black "Tatai, Stefano"]
[Result "1-0"]
[WhiteElo "2517"]
[BlackElo "2347"]
[PlyCount "21"]
[EventDate "2009.12.02"]
[EventType "swiss"]
[EventRounds "9"]
[EventCountry "ESP"]
[Source "lmi"]
[SourceDate "2009.12.02"]

1. d4 Nf6 2. Nf3 e6 3. g3 b5 4. Bg5 Bb7 5. Bg2 h6 6. Bxf6 Qxf6 7. O-O a6 8.
Nbd2 c5 9. c3 Nc6 10. Ne4 Qd8 11. dxc5 1-0

[Event "30. Open El Corte Inglés 2009 "]
[Site "Las Palmas de Gran Canaria"]
[Date "2009.12.07"]
[Round "7.4"]
[White "Barlov, Dragan"]
[Black "Torres Maesso, Pedro"]
[Result "1-0"]
[WhiteElo "2488"]
[BlackElo "2171"]
[PlyCount "77"]
[EventDate "2009.12.02"]
[EventType "swiss"]
[EventRounds "9"]
[EventCountry "ESP"]
[Source "lmi"]
[SourceDate "2009.12.02"]

1. d4 f5 2. c4 Nf6 3. Nc3 g6 4. e3 Bg7 5. Bd3 d6 6. Nf3 O-O 7. O-O Nc6 8. d5
Ne5 9. Be2 Nxf3+ 10. Bxf3 e5 11. dxe6 c6 12. Rb1 Bxe6 13. b3 Re8 14. Bb2 Qd7
15. Qc2 Rad8 16. Rbd1 Qf7 17. Ne2 d5 18. c5 Ne4 19. Bxg7 Qxg7 20. Nd4 Bc8 21.
b4 Ng5 22. Be2 Ne6 23. b5 Nxd4 24. Rxd4 Re4 25. Rxe4 fxe4 26. Qa4 Qb2 27. Bd1
Qxb5 28. Qxa7 Rf8 29. Qa3 b6 30. cxb6 Ba6 31. Re1 Qxb6 32. Bb3 Qb7 33. Rb1 Qc8
34. Rc1 Qb7 35. h3 Bd3 36. Qd6 Qf7 37. Rxc6 Qxf2+ 38. Kh2 Qxe3 39. Bxd5+ 1-0

[Event "30. Open El Corte Inglés 2009 "]
[Site "Las Palmas de Gran Canaria"]
[Date "2009.12.07"]
[Round "7.7"]
[White "Trujillo Alvarado, Ivan"]
[Black "Garcia Blanco, Omar"]
[Result "1-0"]
[WhiteElo "2149"]
[BlackElo "2237"]
[PlyCount "73"]
[EventDate "2009.12.02"]
[EventType "swiss"]
[EventRounds "9"]
[EventCountry "ESP"]
[Source "lmi"]
[SourceDate "2009.12.02"]

1. Nf3 Nf6 2. g3 g6 3. Bg2 Bg7 4. O-O O-O 5. c4 c6 6. Nc3 d6 7. d3 e5 8. Qc2
Bg4 9. Rb1 Qd7 10. Re1 Bxf3 11. Bxf3 d5 12. cxd5 cxd5 13. Bg5 Nc6 14. Bg2 d4
15. Bxf6 Bxf6 16. Ne4 Be7 17. Nc5 Bxc5 18. Qxc5 Rfe8 19. Rec1 Re6 20. Rc4 Rae8
21. Rbc1 Rf6 22. Be4 Qg4 23. R1c2 g5 24. Qb5 a6 25. Qb6 Qh3 26. Rc5 Ree6 27.
Bf3 Rh6 28. Qxb7 Qxh2+ 29. Kf1 Ne7 30. Rxe5 Kg7 31. Rxg5+ Ng6 32. Rc7 Rf6 33.
Qe4 Rd6 34. Qe5+ Rf6 35. Rc6 Qh3+ 36. Ke1 Qf5 37. Qxf5 1-0

[Event "30. Open El Corte Inglés 2009 "]
[Site "Las Palmas de Gran Canaria"]
[Date "2009.12.07"]
[Round "7.8"]
[White "Gonzalez Perez, Lutgarda"]
[Black "Morales Camacho, Julian"]
[Result "0-1"]
[WhiteElo "2153"]
[BlackElo "2234"]
[PlyCount "86"]
[EventDate "2009.12.02"]
[EventType "swiss"]
[EventRounds "9"]
[EventCountry "ESP"]
[Source "lmi"]
[SourceDate "2009.12.02"]

1. d4 e6 2. Nf3 b6 3. g3 Bb7 4. Bg2 d6 5. O-O Nd7 6. Nbd2 g6 7. Re1 Bg7 8. e4
Ne7 9. c3 O-O 10. a4 a6 11. b3 h6 12. Ba3 Re8 13. Rc1 Ra7 14. c4 c5 15. e5 dxe5
16. dxe5 Qa8 17. Bb2 Rd8 18. Qe2 Nb8 19. Nh4 Bxg2 20. Nxg2 Nbc6 21. f4 Nb4 22.
Rc3 Nf5 23. Ne4 Rad7 24. Ba3 a5 25. Qf1 Rd4 26. Nf2 Rd2 27. Ne4 R2d4 28. Nf2 h5
29. Ne3 Nxe3 30. Rexe3 Bf8 31. Bxb4 cxb4 32. Rcd3 Bc5 33. Rxd4 Rxd4 34. Rd3 Qd8
35. Rxd4 Qxd4 36. Qe2 Qc3 37. Kg2 Qxb3 38. Ne4 Qxa4 39. Qd3 Be7 40. Qd4 Qc6 41.
Kh3 a4 42. Nf6+ Kg7 43. g4 Qf3+ 0-1

[Event "30. Open El Corte Inglés 2009 "]
[Site "Las Palmas de Gran Canaria"]
[Date "2009.12.07"]
[Round "7.9"]
[White "Galvan Sarmiento, Jose Luis"]
[Black "Camino Carrio, Nicanor"]
[Result "1-0"]
[WhiteElo "2017"]
[BlackElo "2140"]
[PlyCount "85"]
[EventDate "2009.12.02"]
[EventType "swiss"]
[EventRounds "9"]
[EventCountry "ESP"]
[Source "lmi"]
[SourceDate "2009.12.02"]

1. d4 Nf6 2. Nf3 g6 3. h3 Bg7 4. Bf4 O-O 5. e3 c5 6. c3 d6 7. Be2 Qb6 8. Qb3
Be6 9. Qa3 Nc6 10. Nbd2 cxd4 11. exd4 Rfe8 12. O-O Rac8 13. Rfe1 h6 14. Bd3 Kh7
15. Rxe6 fxe6 16. Nh4 Kg8 17. Nxg6 Rcd8 18. Re1 e5 19. Nc4 Qc7 20. dxe5 dxe5
21. Ncxe5 Nxe5 22. Bxe5 Qd7 23. Bd4 a6 24. Rxe7 Rxe7 25. Nxe7+ Kh8 26. Ng6+ Kg8
27. Qb3+ Nd5 28. Qxd5+ Qxd5 29. Ne7+ Kf8 30. Nxd5 Bxd4 31. Nf4 Ke7 32. cxd4
Rxd4 33. g3 a5 34. Kg2 Kd6 35. Kf3 Rb4 36. b3 b5 37. Bh7 a4 38. bxa4 bxa4 39.
Bg8 Rb8 40. Bd5 Kc5 41. Kg4 Kb4 42. Kh5 Ka3 43. Kxh6 1-0

[Event "30. Open El Corte Inglés 2009 "]
[Site "Las Palmas de Gran Canaria"]
[Date "2009.12.07"]
[Round "7.10"]
[White "Rodriguez Ferraz, Borja"]
[Black "Menvielle Laccourreye, Augusto"]
[Result "0-1"]
[WhiteElo "2041"]
[BlackElo "2281"]
[PlyCount "92"]
[EventDate "2009.12.02"]
[EventType "swiss"]
[EventRounds "9"]
[EventCountry "ESP"]
[Source "lmi"]
[SourceDate "2009.12.02"]

1. d4 Nf6 2. c4 g6 3. Nc3 Bg7 4. e4 d6 5. Nf3 O-O 6. Be2 e5 7. dxe5 dxe5 8.
Qxd8 Rxd8 9. Bg5 Re8 10. Nd5 Nxd5 11. cxd5 c6 12. Bc4 cxd5 13. Bxd5 Nc6 14.
Bxc6 bxc6 15. Rc1 Be6 16. b3 Rec8 17. O-O a5 18. Nd2 a4 19. Nc4 Rcb8 20. Rc3
axb3 21. axb3 Rxb3 22. Rxb3 Bxc4 23. Rc3 Bxf1 24. Kxf1 Rc8 25. Ke2 f6 26. Be3
Bf8 27. Kd3 Kf7 28. Kc4 Ke6 29. Bc5 Bxc5 30. Kxc5 Rd8 31. Rc2 f5 32. f3 h5 33.
h4 Rd4 34. Re2 Rd1 35. Kxc6 Rc1+ 36. Kb5 Rh1 37. Kc4 Rxh4 38. Kd3 Rh2 39. Ke3
h4 40. Ra2 Kf6 41. Rf2 Kg5 42. Re2 h3 43. gxh3 Rxe2+ 44. Kxe2 fxe4 45. fxe4 Kf4
46. Kf2 Kxe4 0-1

[Event "30. Open El Corte Inglés 2009 "]
[Site "Las Palmas de Gran Canaria"]
[Date "2009.12.07"]
[Round "8.1"]
[White "Morales Camacho, Julian"]
[Black "Kurajica, Bojan"]
[Result "1/2-1/2"]
[WhiteElo "2234"]
[BlackElo "2517"]
[PlyCount "101"]
[EventDate "2009.12.02"]
[EventType "swiss"]
[EventRounds "9"]
[EventCountry "ESP"]
[Source "lmi"]
[SourceDate "2009.12.02"]

1. Nf3 Nf6 2. d4 e6 3. c4 b6 4. e3 Bb7 5. Bd3 Bb4+ 6. Nbd2 O-O 7. O-O c5 8. b3
cxd4 9. exd4 d5 10. Bb2 Nc6 11. Ne5 dxc4 12. Nxc6 Bxc6 13. bxc4 Qd6 14. Nf3 Ng4
15. Bxh7+ Kxh7 16. Ng5+ Kg6 17. Qxg4 f5 18. Qe2 Kxg5 19. a3 Ba5 20. d5 exd5 21.
f4+ Kg6 22. Rf3 Kf7 23. Rg3 g6 24. Rh3 d4 25. Rd1 Rae8 26. Qf2 Rh8 27. Rhd3 Re4
28. Bxd4 Qf8 29. Bxh8 Qxh8 30. c5 Qe8 31. Qh4 bxc5 32. Qh7+ Kf6 33. Rd6+ Re6
34. Rxe6+ Kxe6 35. Qxa7 Ba4 36. Qxa5 Bxd1 37. Qe1+ Kf7 38. Qxd1 Qe3+ 39. Kh1 c4
40. Qd7+ Kf8 41. Qd6+ Kg7 42. h3 c3 43. Qc7+ Kh6 44. Qb8 Kg7 45. Qc7+ Kf8 46.
Qc8+ Kf7 47. Qc7+ Kg8 48. Qc8+ Kh7 49. Qc7+ Kh6 50. Qb8 Kg7 51. Qc7+ 1/2-1/2

[Event "30. Open El Corte Inglés 2009 "]
[Site "Las Palmas de Gran Canaria"]
[Date "2009.12.07"]
[Round "8.2"]
[White "Belezky, Alexander"]
[Black "Ortega Hermida, Daniel"]
[Result "1/2-1/2"]
[WhiteElo "2455"]
[BlackElo "2390"]
[PlyCount "29"]
[EventDate "2009.12.02"]
[EventType "swiss"]
[EventRounds "9"]
[EventCountry "ESP"]
[Source "lmi"]
[SourceDate "2009.12.02"]

1. Nf3 Nf6 2. g3 c5 3. Bg2 d5 4. d3 Nc6 5. O-O g6 6. Nc3 Bg7 7. a3 O-O 8. Bd2
d4 9. Na4 Qd6 10. c4 dxc3 11. Nxc3 Nd5 12. Nxd5 Qxd5 13. Bc3 Qd6 14. Bxg7 Kxg7
15. Rc1 1/2-1/2

[Event "30. Open El Corte Inglés 2009 "]
[Site "Las Palmas de Gran Canaria"]
[Date "2009.12.07"]
[Round "8.3"]
[White "Barlov, Dragan"]
[Black "Galvan Sarmiento, Jose Luis"]
[Result "1-0"]
[WhiteElo "2488"]
[BlackElo "2017"]
[PlyCount "93"]
[EventDate "2009.12.02"]
[EventType "swiss"]
[EventRounds "9"]
[EventCountry "ESP"]
[Source "lmi"]
[SourceDate "2009.12.02"]

1. c4 c6 2. e4 d5 3. exd5 cxd5 4. cxd5 Nf6 5. Qa4+ Bd7 6. Qb3 Qc7 7. Nc3 g6 8.
Bc4 Qe5+ 9. Nge2 Bc8 10. d4 Qf5 11. O-O a6 12. a4 Bg7 13. Ng3 Qd7 14. a5 Qd8
15. Re1 O-O 16. Qb4 Qd6 17. Qxd6 exd6 18. Bf4 Rd8 19. Na4 Ne8 20. Nb6 Ra7 21.
Bg5 f6 22. Be3 Nd7 23. Ne2 Nxb6 24. axb6 Ra8 25. Nf4 Bd7 26. f3 Bh6 27. Ne6
Bxe3+ 28. Rxe3 Rdc8 29. b3 Rab8 30. Nf4 Kf8 31. Kf2 Ng7 32. g4 Re8 33. Rae1
Rxe3 34. Rxe3 Kf7 35. Ne6 Ne8 36. Ke2 Rc8 37. Kd3 g5 38. Re2 h6 39. h4 Rb8 40.
Rh2 Kg8 41. hxg5 hxg5 42. Kd2 Ng7 43. Rh6 Ne8 44. Bd3 Bxe6 45. dxe6 Kg7 46.
Rh7+ Kg8 47. Rd7 1-0